[Event "Mittelfranken-chTB1 1819"]
[Site "Mittelfranken"]
[Date "2019.03.03"]
[Round "6.4"]
[White "Rossbach, Knut"]
[Black "Sandner, Andreas"]
[Result "1/2-1/2"]
[WhiteElo "1866"]
[BlackElo "1860"]
[PlyCount "25"]
[EventDate "2018.10.14"]
[EventType "team-tourn"]
[EventRounds "9"]
[EventCountry "GER"]
[SourceTitle "EXT 2022"]
[Source "ChessBase"]
[SourceDate "2021.10.06"]
[SourceVersion "1"]
[SourceVersionDate "2021.10.06"]
[SourceQuality "1"]
[WhiteTeam "Nuernberg SK 1911"]
[BlackTeam "Bechhofen"]
[WhiteTeamCountry "GER"]
[BlackTeamCountry "GER"]

1. e4 c6 2. d4 d5 3. e5 Bf5 4. h4 h5 5. Ne2 e6 6. Ng3 Bg6 7. Bg5 Be7 8. Bxe7 Qxe7 9. Qd2 Nd7 10. Nc3 Nh6 11. 0-0-0 Nf5 12. Nxf5 Bxf5 13. Be2 1/2-1/2

[Event "Mittelfranken-chTB1 1617"]
[Site "Mittelfranken"]
[Date "2016.12.11"]
[Round "4.3"]
[White "Rossbach, Knut"]
[Black "Kaiser, Harald"]
[Result "0-1"]
[WhiteElo "1878"]
[BlackElo "1989"]
[PlyCount "60"]
[EventDate "2016.10.23"]
[EventType "team-tourn"]
[EventRounds "9"]
[EventCountry "GER"]
[SourceTitle "EXT 2022"]
[Source "ChessBase"]
[SourceDate "2021.10.06"]
[SourceVersion "1"]
[SourceVersionDate "2021.10.06"]
[SourceQuality "1"]
[WhiteTeam "Nuernberg SK 1911"]
[BlackTeam "Bechhofen"]
[WhiteTeamCountry "GER"]
[BlackTeamCountry "GER"]

1. e4 d6 2. Nc3 e5 3. Bc4 Nf6 4. d3 Be7 5. f4 c6 6. Nf3 Nbd7 7. Bb3 Qc7 8. a3 b5 9. 0-0 Bb7 10. Qe1 0-0 11. Ne2 Rae8 12. Qg3 Nh5 13. Qh3 Ndf6 14. f5 d5 15. g4 dxe4 16. dxe4 Nf4 17. Nxf4 exf4 18. g5 Nxe4 19. g6 Bc5+ 20. Kh1 Nf6 21. gxf7+ Rxf7 22. Ng5 Nd5 23. Qxh7+ Kf8 24. Bxf4 Qd7 25. Rae1 Rxe1 26. Rxe1 Be3 27. Bxe3 Nxe3 28. Bxf7 c5+ 29. Kg1 Qd2 30. Rxe3 Qg2# 0-1

[Event "Mittelfranken-chTB2a 1516"]
[Site "Mittelfranken"]
[Date "2016.04.17"]
[Round "9.4"]
[White "Steinmueller, Stefanie"]
[Black "Rossbach, Knut"]
[Result "1/2-1/2"]
[WhiteElo "1765"]
[BlackElo "1915"]
[PlyCount "36"]
[EventDate "2015.10.18"]
[EventType "team-tourn"]
[EventRounds "9"]
[EventCountry "GER"]
[SourceTitle "EXT 2020"]
[Source "ChessBase"]
[SourceDate "2019.10.17"]
[SourceVersion "1"]
[SourceVersionDate "2019.10.17"]
[SourceQuality "1"]
[WhiteTeam "Herzogenaurach III"]
[BlackTeam "Nuernberg SK 1911"]
[WhiteTeamCountry "GER"]
[BlackTeamCountry "GER"]

1. e4 e6 2. d4 d5 3. Bd3 c5 4. exd5 exd5 5. Qe2+ Be6 6. Bf5 Qd7 7. Nf3 Nc6 8. dxc5 0-0-0 9. Bxe6 fxe6 10. Ne5 Nxe5 11. Qxe5 Bxc5 12. Bf4 Bd6 13. Qxd6 Qxd6 14. Bxd6 Rxd6 15. Nc3 Rb6 16. 0-0-0 Nf6 17. Rhe1 h6 18. h4 Rf8 1/2-1/2

[Event "Mittelfranken-chTB1 1415"]
[Site "Mittelfranken"]
[Date "2014.10.12"]
[Round "2.4"]
[White "Rossbach, Knut"]
[Black "Kirbach, Thomas"]
[Result "0-1"]
[WhiteElo "1915"]
[BlackElo "1928"]
[PlyCount "70"]
[EventDate "2014.09.29"]
[EventType "team-tourn"]
[EventRounds "9"]
[EventCountry "GER"]
[SourceTitle "EXT 2020"]
[Source "ChessBase"]
[SourceDate "2019.10.17"]
[SourceVersion "1"]
[SourceVersionDate "2019.10.17"]
[SourceQuality "1"]
[WhiteTeam "Nuernberg SK 1911"]
[BlackTeam "Fuerth SF"]
[WhiteTeamCountry "GER"]
[BlackTeamCountry "GER"]

1. e4 d6 2. Nc3 g6 3. f4 Bg7 4. Nf3 c6 5. d3 Nf6 6. Qe2 0-0 7. g3 Qc7 8. Bg2 e5 9. fxe5 dxe5 10. 0-0 h6 11. Nd1 Na6 12. Be3 Ng4 13. Bd2 b5 14. Ne3 Nxe3 15. Bxe3 c5 16. a4 b4 17. Qf2 Be6 18. Nd2 c4 19. dxc4 Bxc4 20. Nxc4 Qxc4 21. Bxa7 Rac8 22. Rfc1 Qe6 23. Bf1 Rc7 24. Bb6 Rc6 25. a5 Nc7 26. b3 Rc8 27. Bc4 Rxc4 28. bxc4 Qxc4 29. Rd1 Ne6 30. a6 Ng5 31. a7 Nh3+ 32. Kg2 Nxf2 33. a8Q Rxa8 34. Rxa8+ Kh7 35. Kxf2 Qxc2+ 0-1

[Event "Mittelfranken-chTB1 1314"]
[Site "Mittelfranken"]
[Date "2014.03.30"]
[Round "8.4"]
[White "Rossbach, Knut"]
[Black "Maettig, Stefan"]
[Result "1-0"]
[WhiteElo "1915"]
[BlackElo "1925"]
[PlyCount "55"]
[EventDate "2013.10.20"]
[EventType "team-tourn"]
[EventRounds "9"]
[EventCountry "GER"]
[SourceTitle "EXT 2020"]
[Source "ChessBase"]
[SourceDate "2019.10.17"]
[SourceVersion "1"]
[SourceVersionDate "2019.10.17"]
[SourceQuality "1"]
[WhiteTeam "Nuernberg SK 1911"]
[BlackTeam "Nuernberg NT III"]
[WhiteTeamCountry "GER"]
[BlackTeamCountry "GER"]

1. e4 d6 2. Nc3 e5 3. Nf3 Bg4 4. d3 Nc6 5. Be2 Nf6 6. Be3 Be7 7. h3 Be6 8. d4 exd4 9. Nxd4 Nxd4 10. Qxd4 0-0 11. f4 Bd7 12. 0-0-0 Bc6 13. g4 a6 14. g5 Nd7 15. h4 Re8 16. h5 Bf8 17. Rhg1 Qe7 18. g6 fxg6 19. hxg6 Nf6 20. Bc4+ Kh8 21. Bf7 Red8 22. Nd5 Nxd5 23. exd5 Be8 24. Be6 c5 25. Qd3 Bd7 26. f5 Bb5 27. Qc3 Qf6 28. Rh1 1-0

[Event "Mittelfranken-chTB1 1213"]
[Site "Germany"]
[Date "2012.10.21"]
[Round "2.5"]
[White "Rossbach, Knut"]
[Black "Kirbach, Thomas"]
[Result "1-0"]
[WhiteElo "1925"]
[BlackElo "1936"]
[PlyCount "51"]
[EventDate "2012.10.07"]
[EventType "team-tourn"]
[EventRounds "9"]
[EventCountry "GER"]
[SourceTitle "EXT 2019"]
[Source "ChessBase"]
[SourceDate "2018.10.10"]
[SourceVersion "1"]
[SourceVersionDate "2018.10.10"]
[SourceQuality "1"]
[WhiteTeam "Nuernberg SK 1911"]
[BlackTeam "Fuerth SF"]
[WhiteTeamCountry "GER"]
[BlackTeamCountry "GER"]

1. e4 d6 2. Nc3 Nf6 3. f4 g6 4. Nf3 Bg7 5. Be2 c5 6. 0-0 0-0 7. d3 Nc6 8. Qe1 a6 9. a4 Rb8 10. Nd1 Nb4 11. Qd2 Bh6 12. c3 Nc6 13. Qe1 b5 14. Qh4 Bg7 15. axb5 axb5 16. f5 Ne5 17. Bh6 Nxf3+ 18. Rxf3 Qb6 19. Kh1 Bb7 20. Ne3 c4 21. Rh3 cxd3 22. Bxg7 Kxg7 23. Qh6+ Kg8 24. Ng4 Nh5 25. Rxh5 gxh5 26. f6 1-0

[Event "Mittelfranken-chTB1 1112"]
[Site "Germany"]
[Date "2011.10.23"]
[Round "2.3"]
[White "Pasedag, Peter"]
[Black "Rossbach, Knut"]
[Result "1-0"]
[WhiteElo "2134"]
[BlackElo "1956"]
[PlyCount "63"]
[EventDate "2011.09.25"]
[EventType "team-tourn"]
[EventRounds "9"]
[EventCountry "GER"]
[SourceTitle "EXT 2013"]
[Source "ChessBase"]
[SourceDate "2012.11.22"]
[SourceVersion "1"]
[SourceVersionDate "2012.11.22"]
[SourceQuality "1"]
[WhiteTeam "Fuerth"]
[BlackTeam "Nuernberg SK 1911"]
[WhiteTeamCountry "GER"]
[BlackTeamCountry "GER"]

1. e4 e6 2. d4 d5 3. Nc3 Bb4 4. exd5 exd5 5. Qf3 Nc6 6. Bb5 a6 7. Bxc6+ bxc6 8. Nge2 Qf6 9. Bf4 Bd6 10. 0-0-0 Ne7 11. h4 h5 12. Qe3 Qe6 13. Qd2 0-0 14. Rde1 Ng6 15. Bxd6 cxd6 16. Ng3 Qg4 17. Nce2 Rb8 18. f3 Qd7 19. Nxh5 Qb7 20. Qc3 c5 21. dxc5 Ne5 22. f4 Bg4 23. c6 Qxc6 24. fxe5 Qxc3 25. Nxc3 Bxh5 26. exd6 Rfd8 27. Re5 d4 28. Nd5 Bg4 29. Ne7+ Kf8 30. Nc6 Rbc8 31. Nxd8 Rxd8 32. Re4 1-0

[Event "Mittelfranken-chTB1 0809"]
[Site "Mittelfranken"]
[Date "2009.03.08"]
[Round "7.2"]
[White "Maettig, Stefan"]
[Black "Rossbach, Knut"]
[Result "1/2-1/2"]
[WhiteElo "1984"]
[BlackElo "2028"]
[PlyCount "35"]
[EventDate "2008.10.12"]
[EventType "team"]
[EventRounds "9"]
[EventCountry "GER"]
[SourceTitle "EXT 2011"]
[Source "ChessBase"]
[SourceDate "2010.11.26"]
[SourceVersion "1"]
[SourceVersionDate "2010.11.26"]
[SourceQuality "1"]
[WhiteTeam "Nuernberg NT III"]
[BlackTeam "Zirndorf II"]
[WhiteTeamCountry "GER"]
[BlackTeamCountry "GER"]

1. e4 e6 2. d3 d5 3. Nd2 Nf6 4. Ngf3 Nc6 5. e5 Nd7 6. d4 f6 7. exf6 Nxf6 8. Bb5 Bd7 9. 0-0 Bd6 10. Re1 0-0 11. Nf1 Qe7 12. Ng3 Rae8 13. c3 Kh8 14. Ba4 Qf7 15. Ng5 Qg8 16. Nf3 Qf7 17. Ng5 Qg8 18. Nf3 1/2-1/2

[Event "Mittelfrankenliga-B1 0607"]
[Site "Mittelfranken"]
[Date "2007.02.11"]
[Round "6.1"]
[White "Promyshlyanskiy, Vitaliy"]
[Black "Rossbach, Knut"]
[Result "1-0"]
[WhiteElo "2228"]
[BlackElo "2029"]
[PlyCount "79"]
[EventDate "2006.10.22"]
[EventType "team-tourn"]
[EventRounds "9"]
[EventCountry "GER"]
[SourceTitle "EXT 2011"]
[Source "ChessBase"]
[SourceDate "2010.11.26"]
[SourceVersion "1"]
[SourceVersionDate "2010.11.26"]
[SourceQuality "1"]
[WhiteTeam "Erlangen SC"]
[BlackTeam "Zirndorf II"]
[WhiteTeamCountry "GER"]
[BlackTeamCountry "GER"]

1. e4 e6 2. d4 d5 3. Nd2 Nf6 4. e5 Nfd7 5. Bd3 c5 6. c3 Nc6 7. Ne2 Qb6 8. Nf3 cxd4 9. cxd4 f6 10. exf6 Nxf6 11. 0-0 Bd6 12. Nc3 0-0 13. Be3 Bd7 14. a3 a6 15. Ne5 Kh8 16. Bc2 Rac8 17. g4 Nxe5 18. dxe5 Qxb2 19. exf6 gxf6 20. Qd3 Rf7 21. Bd4 Be5 22. Ra2 Rxc3 23. Rxb2 Rxd3 24. Bxd3 Bxd4 25. Rxb7 Be5 26. Bxa6 Rg7 27. h3 h5 28. Be2 hxg4 29. hxg4 Bd6 30. Ra1 d4 31. a4 d3 32. Bf3 f5 33. a5 fxg4 34. Be4 g3 35. fxg3 Bxg3 36. Ra2 Bf4+ 37. Rg2 d2 38. Rb1 Be3+ 39. Kh1 Ba4 40. Rb8+ 1-0

[Event "Mittelfrankenliga-B1 0607"]
[Site "Mittelfranken"]
[Date "2006.10.22"]
[Round "1.2"]
[White "Rossbach, Knut"]
[Black "Dietrich, Jochen"]
[Result "0-1"]
[WhiteElo "2029"]
[BlackElo "2007"]
[PlyCount "118"]
[EventDate "2006.10.22"]
[EventType "team-tourn"]
[EventRounds "9"]
[EventCountry "GER"]
[SourceTitle "EXT 2011"]
[Source "ChessBase"]
[SourceDate "2010.11.26"]
[SourceVersion "1"]
[SourceVersionDate "2010.11.26"]
[SourceQuality "1"]
[WhiteTeam "Zirndorf II"]
[BlackTeam "Schwabach"]
[WhiteTeamCountry "GER"]
[BlackTeamCountry "GER"]

1. e4 d6 2. Nc3 Nf6 3. f4 g6 4. Nf3 Bg7 5. Be2 a6 6. 0-0 0-0 7. d3 b5 8. Qe1 Nbd7 9. a4 b4 10. Nd1 a5 11. Qh4 e6 12. g4 Nb6 13. Ne3 Nfd7 14. Qh3 Nc5 15. f5 exf5 16. gxf5 Ncxa4 17. Ng4 h5 18. Nh6+ Kh8 19. Ng5 Bxh6 20. Bxh5 Bxg5 21. Bxg6+ Bh4 22. Rf4 fxg6 23. Rxh4+ Kg8 24. Rh8+ Kf7 25. Qh7+ Ke8 26. Qxg6+ Kd7 27. Qg7+ Qe7 28. Qxf8 Bb7 29. Qxe7+ Kxe7 30. Rh7+ Kd8 31. Rh8+ Kd7 32. Rh7+ Kc6 33. b3 Nc5 34. Bd2 Nbd7 35. h4 Ne5 36. Kf2 Kb6 37. h5 Nexd3+ 38. cxd3 Nxb3 39. Rd1 Nxd2 40. Rxd2 a4 41. Rg7 a3 42. h6 a2 43. Rd1 a1Q 44. Rxa1 Rxa1 45. h7 Rh1 46. f6 b3 47. Kg2 Rh6 48. f7 b2 49. f8Q b1Q 50. Qf2+ Kc6 51. Qd4 Qh1+ 52. Kg3 Qh2+ 53. Kf3 Rh3+ 54. Kg4 Bc8+ 55. Kg5 Rg3+ 56. Kf6 Qh6+ 57. Kf7 Qe6+ 58. Kf8 Rf3+ 59. Rf7 Qxf7# 0-1

[Event "Regionalliga NO 0405"]
[Site "Bayern"]
[Date "2005.04.10"]
[Round "9.3"]
[White "Rossbach, Knut"]
[Black "Kaeppel, Roland"]
[Result "1/2-1/2"]
[WhiteElo "2040"]
[BlackElo "2064"]
[PlyCount "29"]
[EventDate "2004.10.24"]
[EventType "team-tourn"]
[EventRounds "9"]
[EventCountry "GER"]
[SourceTitle "EXT 2007"]
[Source "ChessBase"]
[SourceDate "2006.11.23"]
[SourceVersion "1"]
[SourceVersionDate "2006.11.23"]
[SourceQuality "1"]
[WhiteTeam "Zirndorf II"]
[BlackTeam "Schwabach"]
[WhiteTeamCountry "GER"]
[BlackTeamCountry "GER"]

1. e4 c6 2. d4 d5 3. f3 g6 4. Nc3 Bg7 5. Be3 Be6 6. Nge2 dxe4 7. fxe4 Nf6 8. Nf4 Bg4 9. Qd2 e5 10. dxe5 Qxd2+ 11. Bxd2 Nfd7 12. h3 Be6 13. Nxe6 fxe6 14. Bc4 Nf8 15. 0-0-0 1/2-1/2